<?xml version="1.0" encoding="UTF-8"?>
<record
    xmlns:xsi="http://www.w3.org/2001/XMLSchema-instance"
    xsi:schemaLocation="http://www.loc.gov/MARC21/slim http://www.loc.gov/standards/marcxml/schema/MARC21slim.xsd"
    xmlns="http://www.loc.gov/MARC21/slim">

  <leader>00784nam a22002177a 4500</leader>
  <controlfield tag="003">NUST-PNEC</controlfield>
  <controlfield tag="005">20170116180737.0</controlfield>
  <controlfield tag="008">141127b        xxu||||| |||| 00| 0 eng d</controlfield>
  <datafield tag="020" ind1=" " ind2=" ">
    <subfield code="a">8176351857</subfield>
  </datafield>
  <datafield tag="020" ind1=" " ind2=" ">
    <subfield code="a">9781571691347</subfield>
  </datafield>
  <datafield tag="040" ind1=" " ind2=" ">
    <subfield code="c">PNEC</subfield>
  </datafield>
  <datafield tag="082" ind1=" " ind2=" ">
    <subfield code="a">005.75 STE</subfield>
  </datafield>
  <datafield tag="100" ind1=" " ind2=" ">
    <subfield code="9">1059</subfield>
    <subfield code="a">Gilbert , Stephen</subfield>
  </datafield>
  <datafield tag="245" ind1=" " ind2=" ">
    <subfield code="a">Object-oriented design in Java</subfield>
    <subfield code="c">Stephen Gilbert and Bill McCarthy</subfield>
  </datafield>
  <datafield tag="260" ind1=" " ind2=" ">
    <subfield code="a">Corte Madera, CA : </subfield>
    <subfield code="b">Waite Group Press, </subfield>
    <subfield code="c">c1998.</subfield>
  </datafield>
  <datafield tag="300" ind1=" " ind2=" ">
    <subfield code="a">xxii, 731 pages : </subfield>
    <subfield code="b">illustrations ; </subfield>
    <subfield code="c">24 cm .</subfield>
  </datafield>
  <datafield tag="500" ind1=" " ind2=" ">
    <subfield code="a">Includes Index</subfield>
  </datafield>
  <datafield tag="650" ind1=" " ind2=" ">
    <subfield code="x">Computer, MIS</subfield>
  </datafield>
  <datafield tag="856" ind1=" " ind2=" ">
    <subfield code="u">http://www.amazon.com/MWSS-Object-Oriented-Design-Mitchell-Signature/dp/1571691340/ref=sr_1_1?s=books&amp;ie=UTF8&amp;qid=1417077618&amp;sr=1-1&amp;keywords=OBJECT-ORIENTED+DESIGN+IN+JAVA</subfield>
  </datafield>
  <datafield tag="942" ind1=" " ind2=" ">
    <subfield code="2">ddc</subfield>
    <subfield code="c">BK</subfield>
  </datafield>
  <datafield tag="999" ind1=" " ind2=" ">
    <subfield code="c">62011</subfield>
    <subfield code="d">62011</subfield>
  </datafield>
  <datafield tag="952" ind1=" " ind2=" ">
    <subfield code="0">0</subfield>
    <subfield code="1">0</subfield>
    <subfield code="2">ddc</subfield>
    <subfield code="4">0</subfield>
    <subfield code="7">0</subfield>
    <subfield code="a">PNEC</subfield>
    <subfield code="b">PNEC</subfield>
    <subfield code="c">WING-A</subfield>
    <subfield code="d">2000-10-02</subfield>
    <subfield code="e">NUST Recurring A/c</subfield>
    <subfield code="g">465.00</subfield>
    <subfield code="l">0</subfield>
    <subfield code="o">005.75 STE</subfield>
    <subfield code="p">PNECLIB-023115</subfield>
    <subfield code="r">2014-11-27</subfield>
    <subfield code="v">465.00</subfield>
    <subfield code="w">2000-10-02</subfield>
    <subfield code="y">BK</subfield>
  </datafield>
</record>
